00297 a2200121 450000100060000008200110000610000260001724500640004325000060010726000250011330000110013850000260014922721 a669VLA aVlack, Lawrence H Van aElements of Materials Science, 2nd EdcLawrence H Van Vlack a2 aLondonbWesleyc1964 a445 p. aBE textbook Aerospace